000 00753nam a2200181Ia 4500
008 151202s9999||||xx |||||||||||||| ||und||
082 _bPNVM-38176
100 _aटिपणीस गोविंद गोपाळ.
245 _aकौटिलीय अर्थशास्त्र प्रदिप.
260 _b"वरदा बुकस् , पुणे."
260 _c1990
300 _a207
600 _aटिपणीस गोविंद गोपाळ.
630 _aकौटिलीय अर्थशास्त्र प्रदिप.
700 _aटिपणीस गोविंद गोपाळ.
730 _aकौटिलीय अर्थशास्त्र प्रदिप.
942 _cBOOK
999 _c1304128
_d1304125